00861cam a22002534a 4500020003700000020003400037020003700071020003400108020003100142020002800173040000800201082002600209245010200235300004700337650001600384650001700400650002800417700002500445700002400470700002500494710006100519942001000580999001700590 a9781844075683 (hbk. : Earthscan) a1844075680 (hbk. : Earthscan) a9781844075690 (pbk. : Earthscan) a1844075699 (pbk. : Earthscan) a9789251059623 (pbk. : FAO) a9251059624 (pbk. : FAO) cDLC00a338 THE 1996 C136 Or.04aThe transformation of agri-food systems :bglobalization, supply chains and smallholder farmers / axxiii, 381 pages :billustrations ;c25 cm 0aFood supply 0aFarms, Small 0aFood industry and trade1 aMcCullough, Ellen B.1 aPingali, Prabhu L.,1 aStamoulis, Kostas G.2 aFood and Agriculture Organization of the United Nations. cAEDBB c21085d21085